00504nam a2200145Ia 4500008004100000020002200041082001700063245004200080250000700122260002000129300001000149650009100159952009100250999001700341120629s9999 xx 000 0 und d a978-607-406-046-1 a343.87 L681l aLey de comercio exterior : reglamento a16 aMéxico : ISEF a113 p a1. MEXICO-COMERCIO EXTERIOR \ 2. COMERCIO EXTERIOR 3. REGLAMENTOS-COMERCIO EXTERIORÌ 00104070a15b15d2009-04-23l0o343.87 L681Lp15 003107r2017-12-07w2012-06-28yLB c76511d76511